Kapacity nestačí a ceny rostou

Letecká nákladá preprava rastie vďaka silnejšej globálnej ekonomike. Časy dodania sa skracujú, narastajú žiadosti o rýchlejšiu prepravu do vzdialenejších destinácií. Špeditéri registrujú väčší dopyt nielen v leteckej, ale aj v námornej doprave. Najvyťaženejšie linky kvôli nedostatočnej kapacite zvyš...

Descripción completa

Guardado en:
Detalles Bibliográficos
Autor principal: Kolář, Vojtěch
Formato: Capítulo de libro
Lenguaje:checo
Materias:
Etiquetas: Agregar Etiqueta
Sin Etiquetas, Sea el primero en etiquetar este registro!

MARC

LEADER 00000naa a2200000 4500
001 0235637
005 20221104111658.6
041 0 |a cze 
044 |a CZ 
245 1 0 |a Kapacity nestačí a ceny rostou  |c Vojtěch Kolář 
520 |a Letecká nákladá preprava rastie vďaka silnejšej globálnej ekonomike. Časy dodania sa skracujú, narastajú žiadosti o rýchlejšiu prepravu do vzdialenejších destinácií. Špeditéri registrujú väčší dopyt nielen v leteckej, ale aj v námornej doprave. Najvyťaženejšie linky kvôli nedostatočnej kapacite zvyšujú ceny prepravného. Tento trend má pokračovať aj v roku 2018. 
610 2 0 |a doprava letecká 
610 2 0 |a doprava námorná 
610 2 0 |a doprava nákladná 
610 2 0 |a preprava 
610 2 0 |a doprava letecká nákladná 
100 1 |a Kolář, Vojtěch